LEADER 01095nam a2200205 i 4500 001 000000009846 003 CaOOAMICUS 005 20180830125440.0 008 180830n it u000 u ita u 040 $aSeMil$bita 245 10$aTrattati di architettura. 260 $aMilano :$bIl Polifilo,$c[19--]?. 300 $av. ;$c27 cm. 773 0 $tClassici italiani di scienze tecniche e arti.$dMilano : Il Polifilo, [19--]$w()11834 774 0 $aAlberti, Leon Battista <1404-1472>$tArchitettura.$dMilano : Il Polifilo, copyr. 1966.$gVolume 1.$w()9961 774 0 $aPellegrini, Pellegrino, <1527-1596>$tArchitettura.$dMilano : Il Polifilo, 1990.$kClassici italiani di scienze tecniche e arti$z88-7050-108-6$gVolume7$w()50815 774 0 $aAlberti, Leon Battista <1404-1472>$tVolume primo.$kClassici italiani di scienze tecniche e arti$w()118816 774 0 $aAlberti, Leon Battista <1404-1472>$tVol. 2.$kClassici italiani di scienze tecniche e arti$w()142225 996 $6245$aTrattati di architettura$9(OLS)http://semarc/title/13012 996 $6260$aMilano :$bIl Polifilo$9(OLS)http://semarc/publisher/29802 LEADER 00883nam a2200205 i 4500 001 000000013049 003 CaOOAMICUS 005 20180830125441.0 008 180830s1989 it u000 u ita u 040 $aSeMil$bita 100 1 $aRoche de Coppens, Peter.$0(OLS)http://semarc/name/6215 245 13$aLo sviluppo dell'uomo nuovo /$cPeter Roche de Coppens. 260 $aTorino :$bL'età dell'Acquario,$c1989. 300 $av. ;$c22 cm. 650 4$aEsoterismo.$0(OLS)http://semarc/subject/2181 774 0 $tCoscienza e i suoi muscoli.$z88-7136-083-4$g2$w()107301 774 0 $tArte di vivere alla fine del 20.$z88-7136-085-0$g3$w()107302 774 0 $aRoche de Coppens, Peter$tSviluppo dell'uomo nuovo.$z88-7136-077-X$g1$w()107303 996 $6245$aLo sviluppo dell'uomo nuovo$9(OLS)http://semarc/title/17389 996 $6260$aTorino :$bL'età dell'Acquario$9(OLS)http://semarc/publisher/31931